Vplyv zdrojov externého financovania na ekonomický rast v malých ostrovných rozvojových štátoch Karibskej oblasti
Vplyv hlavných zdrojov externého financovania (priame zahraničné investície, oficiálna rozvojová pomoc, osobné remitencie) na rast HDP per capita v malých ostrovných rozvojových štátoch (SIDS) Karibiku v období rokov 1990-2018. Oficiálna rozvojová pomoc a priame zahraničné investície majú pozitívny...
Salvato in:
| Autore principale: | |
|---|---|
| Natura: | Capitolo di libro |
| Lingua: | slovacco |
| Soggetti: | |
| Tags: |
Nessun Tag, puoi essere il primo ad aggiungerne!!
|
MARC
| LEADER | 00000naa$a2200000$$$4500 | ||
|---|---|---|---|
| 001 | 0271567 | ||
| 005 | 20240502074259.6 | ||
| 041 | 0 | |a slo | |
| 044 | |a SK | ||
| 245 | 1 | 0 | |a Vplyv zdrojov externého financovania na ekonomický rast v malých ostrovných rozvojových štátoch Karibskej oblasti |c Peter Jančovič |
| 520 | |a Vplyv hlavných zdrojov externého financovania (priame zahraničné investície, oficiálna rozvojová pomoc, osobné remitencie) na rast HDP per capita v malých ostrovných rozvojových štátoch (SIDS) Karibiku v období rokov 1990-2018. Oficiálna rozvojová pomoc a priame zahraničné investície majú pozitívny a štatisticky významný vplyv na rast HDP per capita v krajinách SIDS Karibiku. V skúmanom období sa oficiálna rozvojová pomoc najvýznamnejšie podieľala na ekonomickom raste v daných štátoch ako celku. | ||
| 610 | 2 | 0 | |a zdroje finančné |
| 610 | 2 | 0 | |a remitencie |
| 610 | 2 | 0 | |a Karibská oblasť |
| 610 | 2 | 0 | |a investície zahraničné |
| 610 | 2 | 0 | |a pomoc rozvojová |
| 100 | 1 | |a Jančovič, Peter, 1995- | |